00282pam a2200121 a 4500020000500000041000800005082000800013100001900021245004900040250001000089260004800099300001300147 c aeng bPET aPeter metcalf. aThe bvasics anthropology hTextual Documents a2009. a[s.l]:broutledge taylor and fransis group  a215 pg .